000 01816nam a2200505 c 4500
001 52273
003 ES-MaCES
005 20250203133930.0
007 cr |||||||||||
008 220510s2021 sp 100 ||spa d
017 _aNA 2436-2021
_bDL
020 _a9788413462882
020 _a9788413462905 (electrónico)
040 _aES-MaCES
_bspa
_cES-MaCES
041 0 _aspa
_heng
100 1 _940331
_aAnguita Osuna, José Enrique
245 1 3 _aLa seguridad interior en la Unión Europea
_b: del acuerdo de Schengen 1985 a la estrategia para la Unión de la Seguridad 2020
_cJosé Enrique Anguita Osuna
250 _a1ª ed
260 _aCizur Menor (Navarra)
_bAranzadi-Thomson Reuters
_c2021
300 _a390 p.
_c24 cm
490 1 _aEstudios
500 _aPublicación en formato DÚO (papel + libro ectrónico). Disponible en formato electrónico mediante la aplicación PROVIEW
504 _aBibliografía: p. 339-390
541 _cCompra
650 4 _adelincuencia
_927047
650 4 _anuevas tecnologías
_930788
650 4 _atecnología de la información
_930104
650 4 _aterrorismo
_929387
650 4 _atráfico de mano de obra
_930751
650 4 _aprostitución
_927051
650 4 _ainmigración ilegal
_930619
650 4 _auso indebido de drogas
_927048
650 4 _apolicía
_927199
650 4 _aseguridad
_928751
650 4 _amecanismo de control
_929918
650 4 _arelaciones interinstitucionales
_930832
650 4 _apolítica comunitaria
_930776
650 4 _aderecho comunitario
_929866
650 4 _aUE
_926752
653 1 0 _aCiencias Sociales-Políticas
830 0 _aEstudios (Thomson Reuters-Aranzadi)
_934937
856 4 _uhttps://miespacio.aranzadilaley.es/Account/Login
_yLegalteca
902 _aLIB Libro
942 _2CES
_cBK
_h7.0.
999 _c52273
_d52273